La avicultura en Colombia / (Registro nro. 6784)

Detalles MARC
000 -LEADER
fixed length control field 01045cam a2200253 a 4500
003 - CONTROL NUMBER IDENTIFIER
control field OSt
005 - DATE AND TIME OF LATEST TRANSACTION
control field 20200805124255.0
008 - FIXED-LENGTH DATA ELEMENTS--GENERAL INFORMATION
fixed length control field 030328s2002 ck aco gr 000 0 spa d
015 ## - NATIONAL BIBLIOGRAPHY NUMBER
National bibliography number NNN
020 ## - INTERNATIONAL STANDARD BOOK NUMBER
International Standard Book Number 9583342599
040 ## - CATALOGING SOURCE
Original cataloging agency CO-BoPUJ
Transcribing agency CO-JMCR
041 0# - LANGUAGE CODE
Language code of text/sound track or separate title spa
082 04 - DEWEY DECIMAL CLASSIFICATION NUMBER
Classification number 338.1765 /
Item number M722a
Edition number 23
100 1# - MAIN ENTRY--PERSONAL NAME
Personal name Molina Londoño, Luis Fernando,
Relator term autor
9 (RLIN) 8438
245 13 - TITLE STATEMENT
Title La avicultura en Colombia /
Statement of responsibility, etc. Luis Fernando Molina Londoño
260 ## - PUBLICATION, DISTRIBUTION, ETC.
Place of publication, distribution, etc. Bogotá :
Name of publisher, distributor, etc. Fenavi,
Date of publication, distribution, etc. 2002.
300 ## - PHYSICAL DESCRIPTION
Extent 365 páginas :
Other physical details ilustraciones, retratos a blanco y negro ;
Dimensions 23 cm.
504 ## - BIBLIOGRAPHY, ETC. NOTE
Bibliography, etc. note Incluye referencias bibliográficas.
505 ## - FORMATTED CONTENTS NOTE
Formatted contents note Una actividad milenaria -- El lento tránsito hacia la avicultura comercial -- El despegue avícola 1940-1960 -- La expansión 1960-1980 -- Los años ochenta ¿La década perdida? -- Avícola, Apertura, prosperidad y recesión 1990-2000
650 24 - SUBJECT ADDED ENTRY--TOPICAL TERM
Topical term or geographic name entry element Avicultura
Geographic subdivision Colombia
9 (RLIN) 8439
650 24 - SUBJECT ADDED ENTRY--TOPICAL TERM
Topical term or geographic name entry element Industria avícola
General subdivision Historia
Geographic subdivision Colombia
9 (RLIN) 8440
650 24 - SUBJECT ADDED ENTRY--TOPICAL TERM
Topical term or geographic name entry element Avicultura
General subdivision Historia
Geographic subdivision Colombia
9 (RLIN) 8441
942 ## - ADDED ENTRY ELEMENTS (KOHA)
Source of classification or shelving scheme Dewey Decimal Classification
Koha item type Books
Existencias
Withdrawn status Lost status Source of classification or shelving scheme Damaged status Not for loan Home library Current library Shelving location Date acquired Source of acquisition Total Checkouts Full call number Barcode Date last seen Copy number Price effective from Koha item type
    Dewey Decimal Classification     Biblioteca Pública José María del Castillo y Rada Biblioteca Pública José María del Castillo y Rada General Stacks 04/15/2018 Donación   338.1765 / M722a 201809971 05/16/2024 Ej.1 08/05/2020 Books